000 00705nam a2200229 i 4500
001 87662
003 ES-MaACL
005 20251204141707.0
007 t|
008 041222s1985 sp ||||1| spa d
020 _a84-7223-225-5
100 1 _aKundera, Milan.
_969021
245 1 3 _aLa insoportable levedad del ser /
_cMilan Kundera ; traducción del checo de Fernando de Valenzuela.
250 _a1ª ed.
260 _aBarcelona :
_bTusquets,
_c1985.
300 _a320 p. ;
_c21 cm.
490 1 _aColección Andanzas ;
_v25
700 1 _aValenzuela Villaverde, Fernando de
_9152394
830 0 0 _aColección Andanzas
_v25
_9234359
852 _aES-MaACL
_jL-9865
_bR.110893
999 _c87662
_d87662